00607nam a22001817a 450000500170000001000150001702000260003203500140005803700130007208200120008510000280009724501000012526000590022527000680028430000240035270000240037670000250040020230920120300.0 aENG-138149 a9789392311123c640.00 aEN-121681 bDBAD/PUB a621.317 aPatra, P. Santosh Kumar aPower System Protection /cBy P. Santosh Kumar Patra; T. V. Sai Kalyani and K. V. Govardhan Rao aHyderabadbM/s SunRaise International Publishersc2023 a326/C, Level-6, Near BK Guda Park, S R NagarbHyderabade500038 axvi, 288c25cm(pbk) aKalyani, T. V. Sai  aRao, K. V. Govardhan